| 000 | 01984nab a2200241 i 4500 | ||
|---|---|---|---|
| 003 | BR-BrBNA | ||
| 005 | 20250411103606.0 | ||
| 008 | 250411b2016 bl.qr|pooa||| 00| 0 eng | | ||
| 040 |
_aBR-BrBNA _beng |
||
| 072 | _aF70 | ||
| 100 | _aScatigna, André Vito | ||
| 100 | _aMota, Nara Furtado de Oliveira | ||
| 245 | _aFlora of the cangas of the Serra dos Carajás, Pará, Brazil: Linderniaceae | ||
| 500 | _aPublicação on-line; 6 ref.; 2 illus.; Summaries (En, Pt) | ||
| 520 | _a Abstract This is a taxonomic study of the species of Linderniaceae from the cangas of the Serra dos Carajás, state of Pará, Brazil. Three species of Lindernia were recorded: L. brachyphylla, L. crustacea and L. diffusa, the first being restricted to South America and the two others with pantropical distribution. Here we present detailed descriptions, illustrations, photographs and notes on morphology, distribution and phenology of these species. Key words: Canga, FLONA Carajás, Scrophulariaceae, taxonomy. Resumo Este é um estudo taxonômico das espécies de Linderniaceae das cangas da Serra dos Carajás, no estado do Pará, Brasil. Foram registradas três espécies de Lindernia: L. brachyphylla, L. crustacea e L. diffusa, sendo a primeira restrita à América do Sul e as demais de distribuição Pantropical. Aqui, apresentamos descrições detalhadas, ilustrações, fotografias e comentários sobre morfologia, distribuição e fenologia destas espécies. Palavras-chave: Canga, FLONA Carajás, Scrophulariaceae, taxonomia. | ||
| 650 | _aCARAJÁS | ||
| 650 | _aTAXONOMIA | ||
| 650 | _aESPÉCIE | ||
| 773 | 0 |
_0709 _9349694 _dRio de Janeiro-RJ Jardim Botanico do Rio de Janeiro 1935 _o2025-2214 _tRodriguésia (Brazil) _x0370-6583; 2175-7860 on-line _gv. 67(5 special number) p. 1399-1403; (2016) _wBR2025000326 |
|
| 856 | _uhttps://www.scielo.br/j/rod/a/pZ7ySYNDHFM89WN89vRxsKd/?format=pdf&lang=en | ||
| 942 | _cANA | ||
| 999 |
_c330986 _d330986 |
||